The L word.

Enregistré dans:
Détails bibliographiques
Format: Diapositive
Langue:multilingue
Publié: [Italia] : Twentieth Century Fox Home Entertainment, 2008
Tags: Ajouter un tag
Pas de tags, Soyez le premier à ajouter un tag!

MARC

LEADER 00000ngm a22000007ic4500
001 IT\ICCU\UBO\3515490
003 ItRI
005 20260124182924.0
008 081031s2008 it |||||||||||||||k|||||c
040 |b ita 
041 7 |a mul  |2 ISO-639-2 
245 0 0 |a The L word. 
260 |a [Italia] :  |b Twentieth Century Fox Home Entertainment,  |c 2008 
300 |a 1 DVD :  |b sonoro, color 
500 |a Codice area: 2 
500 |a Tit. del contenitore 
500 |a Contiene episodi: 1: Legend in the making, 2: Livin' la vida loca, 3: Lassoed. 
773 0 |w IT\ICCU\UBO\3515473  |t The L word  |g 1 
942 |2 ddc  |c VM  |n 0 
952 |0 0  |1 0  |4 0  |6 VO_1626_000000000000000  |7 0  |9 28106  |a BO  |b BO  |d 2026-01-24  |i 12204  |l 0  |o VO 1626  |p BO12204  |r 2026-01-24 18:29:24  |w 2026-01-24  |x [Sebina 5] [4 DVD]  |y VM  |z DVD 1 
981 1 |6 z01  |a b   |b xa2e  
982 1 |6 z01  |a g 
999 |c 23822  |d 23822